[Event "British Rapidplay Championship 2023"]
[Site "Mercure Bradford, Bankfield Hotel"]
[Date "2023.04.15"]
[Round "3.20"]
[White "Holliday, John K"]
[Black "Galloway, Peter"]
[Result "1-0"]
[TimeControl "All moves in 15 minutes plus 10 second increment per move from move 1"]
[WhiteElo "1832"]
[BlackElo "1324"]

1. e4 {[%clk 00:15:17]} {[%emt 00:00:02]} c5 {[%clk 00:15:18]} {[%emt
00:00:02]} 2. Nf3 {[%clk 00:15:25]} {[%emt 00:00:03]} d6 {[%clk 00:15:27]} 3.
d4 {[%clk 00:15:33]} {[%emt 00:00:02]} cxd4 {[%clk 00:15:35]} {[%emt 00:00:02]}
4. Nxd4 {[%clk 00:15:41]} {[%emt 00:00:02]} e6 {[%clk 00:15:43]} {[%emt
00:00:01]} 5. Nc3 {[%clk 00:15:49]} {[%emt 00:00:03]} Nf6 {[%clk 00:15:48]}
{[%emt 00:00:05]} 6. Bd3 {[%clk 00:15:57]} {[%emt 00:00:01]} Be7 {[%clk
00:15:51]} {[%emt 00:00:08]} 7. O-O {[%clk 00:16:04]} {[%emt 00:00:03]} O-O
{[%clk 00:15:57]} {[%emt 00:00:05]} 8. f4 {[%clk 00:16:03]} {[%emt 00:00:10]}
Nbd7 {[%clk 00:15:33]} {[%emt 00:00:33]} 9. Qe1 {[%clk 00:15:55]} {[%emt
00:00:19]} Nc5 {[%clk 00:15:19]} {[%emt 00:00:25]} 10. Be3 {[%clk 00:15:11]}
{[%emt 00:00:53]} Nxd3 {[%clk 00:15:05]} {[%emt 00:00:24]} 11. cxd3 {[%clk
00:15:19]} {[%emt 00:00:02]} a6 {[%clk 00:15:05]} {[%emt 00:00:10]} 12. Qg3
{[%clk 00:15:12]} {[%emt 00:00:16]} d5 {[%clk 00:13:19]} {[%emt 00:01:57]} 13.
f5 {[%clk 00:13:49]} {[%emt 00:01:33]} dxe4 {[%clk 00:12:08]} {[%emt 00:01:21]}
14. Bh6 {[%clk 00:13:07]} {[%emt 00:00:52]} Nh5 {[%clk 00:11:59]} {[%emt
00:00:19]} 15. Qg4 {[%clk 00:13:15]} {[%emt 00:00:02]} g6 {[%clk 00:12:07]}
{[%emt 00:00:02]} 16. fxg6 {[%clk 00:12:07]} {[%emt 00:01:19]} Qxd4+ {[%clk
00:11:59]} {[%emt 00:00:17]} 17. Kh1 {[%clk 00:12:16]} {[%emt 00:00:02]} hxg6
{[%clk 00:10:53]} {[%emt 00:01:15]} 18. Bxf8 {[%clk 00:11:59]} {[%emt
00:00:27]} Bxf8 {[%clk 00:10:48]} {[%emt 00:00:15]} 19. Nxe4 {[%clk 00:11:10]}
{[%emt 00:01:00]} Qxd3 {[%clk 00:10:12]} {[%emt 00:00:45]} 20. Rf3 {[%clk
00:09:52]} {[%emt 00:01:27]} Qb5 {[%clk 00:09:20]} {[%emt 00:01:02]} 21. Raf1
{[%clk 00:09:41]} {[%emt 00:00:21]} e5 {[%clk 00:07:47]} {[%emt 00:01:44]} 22.
Qxg6+ {[%clk 00:09:30]} {[%emt 00:00:20]} fxg6 {[%clk 00:07:49]} {[%emt
00:00:09]} 23. Rxf8+ {[%clk 00:09:38]} {[%emt 00:00:02]} Kg7 {[%clk 00:07:56]}
{[%emt 00:00:02]} 24. R1f7+ {[%clk 00:09:46]} {[%emt 00:00:03]} Kh6 {[%clk
00:08:01]} {[%emt 00:00:05]} 25. Rh8# {[%clk 00:09:54]} {[%emt 00:00:02]} 1-0

[Event "British Rapidplay Championship 2023"]
[Site "Mercure Bradford, Bankfield Hotel"]
[Date "2023.04.15"]
[Round "3.21"]
[White "McKay, Ruairidh"]
[Black "Arkell, Keith C"]
[Result "0-1"]
[TimeControl "All moves in 15 minutes plus 10 second increment per move from move 1"]
[WhiteElo "1460"]
[BlackElo "2345"]

1. d4 {[%clk 00:15:19]} {[%emt 00:00:01]} Nf6 {[%clk 00:15:18]} {[%emt
00:00:02]} 2. c4 {[%clk 00:15:27]} {[%emt 00:00:03]} e6 {[%clk 00:15:27]} 3.
Nc3 {[%clk 00:15:33]} {[%emt 00:00:03]} Bb4 {[%clk 00:15:35]} {[%emt 00:00:02]}
4. e3 {[%clk 00:15:40]} {[%emt 00:00:03]} c5 {[%clk 00:15:41]} {[%emt
00:00:03]} 5. a3 {[%clk 00:15:34]} {[%emt 00:00:17]} Bxc3+ {[%clk 00:15:49]}
{[%emt 00:00:02]} 6. bxc3 {[%clk 00:15:42]} {[%emt 00:00:01]} Ne4 {[%clk
00:15:57]} {[%emt 00:00:02]} 7. Qc2 {[%clk 00:15:40]} {[%emt 00:00:12]} f5
{[%clk 00:16:05]} {[%emt 00:00:02]} 8. Nf3 {[%clk 00:15:35]} {[%emt 00:00:16]}
b6 {[%clk 00:16:12]} {[%emt 00:00:04]} 9. Be2 {[%clk 00:15:22]} {[%emt
00:00:21]} O-O {[%clk 00:16:19]} {[%emt 00:00:03]} 10. O-O {[%clk 00:15:26]}
{[%emt 00:00:07]} d6 {[%clk 00:16:27]} {[%emt 00:00:02]} 11. Nd2 {[%clk
00:15:08]} {[%emt 00:00:27]} Nxd2 {[%clk 00:16:33]} {[%emt 00:00:05]} 12. Bxd2
{[%clk 00:14:59]} {[%emt 00:00:19]} Bb7 {[%clk 00:16:41]} {[%emt 00:00:02]} 13.
f3 {[%clk 00:13:52]} {[%emt 00:01:16]} Nd7 {[%clk 00:16:50]} {[%emt 00:00:02]}
14. e4 {[%clk 00:13:33]} {[%emt 00:00:29]} fxe4 {[%clk 00:16:53]} {[%emt
00:00:07]} 15. fxe4 {[%clk 00:13:40]} {[%emt 00:00:03]} Qh4 {[%clk 00:16:59]}
{[%emt 00:00:04]} 16. d5 {[%clk 00:12:54]} {[%emt 00:00:55]} Nf6 {[%clk
00:16:49]} {[%emt 00:00:20]} 17. Bf3 {[%clk 00:12:38]} {[%emt 00:00:26]} Rae8
{[%clk 00:16:45]} {[%emt 00:00:15]} 18. g3 {[%clk 00:11:53]} {[%emt 00:00:54]}
Qh3 {[%clk 00:16:52]} {[%emt 00:00:04]} 19. Bg2 {[%clk 00:11:51]} {[%emt
00:00:11]} Qg4 {[%clk 00:16:51]} {[%emt 00:00:12]} 20. Bf3 {[%clk 00:11:52]}
{[%emt 00:00:09]} Qg6 {[%clk 00:16:59]} {[%emt 00:00:02]} 21. Rae1 {[%clk
00:11:18]} {[%emt 00:00:42]} exd5 {[%clk 00:17:01]} {[%emt 00:00:10]} 22. cxd5
{[%clk 00:11:24]} {[%emt 00:00:04]} Bxd5 {[%clk 00:16:55]} {[%emt 00:00:15]} 23.
c4 {[%clk 00:08:29]} {[%emt 00:03:06]} Bxe4 {[%clk 00:16:55]} {[%emt 00:00:10]}
24. Bxe4 {[%clk 00:08:28]} {[%emt 00:00:11]} Nxe4 {[%clk 00:17:03]} {[%emt
00:00:02]} 25. Rxf8+ {[%clk 00:06:43]} {[%emt 00:01:55]} Kxf8 {[%clk 00:17:11]}
{[%emt 00:00:02]} 26. Bf4 {[%clk 00:06:26]} {[%emt 00:00:26]} Re6 {[%clk
00:17:02]} {[%emt 00:00:20]} 27. Rf1 {[%clk 00:06:23]} {[%emt 00:00:12]} Kg8
{[%clk 00:17:10]} {[%emt 00:00:02]} 28. Qa4 {[%clk 00:05:47]} {[%emt 00:00:47]}
Re7 {[%clk 00:16:27]} {[%emt 00:00:53]} 29. Qa6 {[%clk 00:04:58]} {[%emt
00:00:59]} h5 {[%clk 00:16:32]} {[%emt 00:00:05]} 30. Qc8+ {[%clk 00:04:34]}
{[%emt 00:00:34]} Kh7 {[%clk 00:16:39]} {[%emt 00:00:02]} 31. Qh3 {[%clk
00:04:04]} {[%emt 00:00:40]} Qg4 {[%clk 00:16:31]} {[%emt 00:00:19]} 32. Qg2
{[%clk 00:03:43]} {[%emt 00:00:31]} Re6 {[%clk 00:16:28]} {[%emt 00:00:13]} 33.
h3 {[%clk 00:03:10]} {[%emt 00:00:43]} Qg6 {[%clk 00:16:36]} {[%emt 00:00:02]}
34. g4 {[%clk 00:02:25]} {[%emt 00:00:55]} hxg4 {[%clk 00:16:39]} {[%emt
00:00:06]} 35. hxg4 {[%clk 00:02:28]} {[%emt 00:00:07]} Nf6 {[%clk 00:16:40]}
{[%emt 00:00:09]} 36. Qh3+ {[%clk 00:02:28]} {[%emt 00:00:10]} Kg8 {[%clk
00:16:45]} {[%emt 00:00:05]} 37. g5 {[%clk 00:02:25]} {[%emt 00:00:13]} Nd7
{[%clk 00:16:15]} {[%emt 00:00:41]} 38. Qh1 {[%clk 00:01:18]} {[%emt 00:01:17]}
Qe4 {[%clk 00:16:03]} {[%emt 00:00:21]} 39. Qxe4 {[%clk 00:00:51]} {[%emt
00:00:37]} Rxe4 {[%clk 00:16:11]} {[%emt 00:00:02]} 40. Bxd6 {[%clk 00:00:55]}
{[%emt 00:00:06]} Rxc4 {[%clk 00:16:19]} {[%emt 00:00:03]} 0-1

[Event "British Rapidplay Championship 2023"]
[Site "Mercure Bradford, Bankfield Hotel"]
[Date "2023.04.15"]
[Round "3.22"]
[White "Clark, Robert G"]
[Black "Mata, Andrew B"]
[Result "1/2-1/2"]
[TimeControl "All moves in 15 minutes plus 10 second increment per move from move 1"]
[WhiteElo "2008"]
[BlackElo "1912"]

1. e4 {[%clk 00:15:14]} {[%emt 00:00:07]} c6 {[%clk 00:15:17]} {[%emt
00:00:02]} 2. d4 {[%clk 00:15:22]} {[%emt 00:00:02]} d5 {[%clk 00:15:25]}
{[%emt 00:00:02]} 3. Nd2 {[%clk 00:15:30]} {[%emt 00:00:02]} dxe4 {[%clk
00:15:27]} {[%emt 00:00:08]} 4. Nxe4 {[%clk 00:15:38]} {[%emt 00:00:02]} Nf6
{[%clk 00:15:35]} {[%emt 00:00:02]} 5. Nxf6+ {[%clk 00:15:42]} {[%emt
00:00:05]} exf6 {[%clk 00:15:43]} {[%emt 00:00:02]} 6. Nf3 {[%clk 00:15:38]}
{[%emt 00:00:14]} Bd6 {[%clk 00:15:46]} {[%emt 00:00:07]} 7. Be3 {[%clk
00:15:08]} {[%emt 00:00:39]} Bg4 {[%clk 00:15:46]} {[%emt 00:00:11]} 8. Be2
{[%clk 00:15:00]} {[%emt 00:00:18]} O-O {[%clk 00:15:38]} {[%emt 00:00:18]} 9.
h3 {[%clk 00:14:48]} {[%emt 00:00:22]} Bh5 {[%clk 00:15:31]} {[%emt 00:00:17]}
10. Qd2 {[%clk 00:14:22]} {[%emt 00:00:37]} Re8 {[%clk 00:14:09]} {[%emt
00:01:33]} 11. O-O-O {[%clk 00:13:55]} {[%emt 00:00:36]} a5 {[%clk 00:13:13]}
{[%emt 00:01:06]} 12. Rhe1 {[%clk 00:12:58]} {[%emt 00:01:06]} Na6 {[%clk
00:13:02]} {[%emt 00:00:22]} 13. g4 {[%clk 00:10:39]} {[%emt 00:02:29]} Bg6
{[%clk 00:13:10]} {[%emt 00:00:02]} 14. Nh4 {[%clk 00:08:49]} {[%emt 00:02:00]}
Nb4 {[%clk 00:12:59]} {[%emt 00:00:21]} 15. Nxg6 {[%clk 00:08:27]} {[%emt
00:00:32]} hxg6 {[%clk 00:13:05]} {[%emt 00:00:03]} 16. Kb1 {[%clk 00:07:53]}
{[%emt 00:00:45]} Nd5 {[%clk 00:13:09]} {[%emt 00:00:06]} 17. Bf3 {[%clk
00:07:07]} {[%emt 00:00:56]} Nb6 {[%clk 00:11:37]} {[%emt 00:01:41]} 18. Qd3
{[%clk 00:05:50]} {[%emt 00:01:27]} a4 {[%clk 00:10:30]} {[%emt 00:01:18]} 19.
Bd2 {[%clk 00:05:37]} {[%emt 00:00:22]} Qc7 {[%clk 00:10:21]} {[%emt 00:00:19]}
20. c4 {[%clk 00:05:16]} {[%emt 00:00:31]} Bf4 {[%clk 00:09:19]} {[%emt
00:01:12]} 21. Rxe8+ {[%clk 00:04:44]} {[%emt 00:00:43]} Rxe8 {[%clk 00:09:26]}
{[%emt 00:00:02]} 22. Ba5 {[%clk 00:04:39]} {[%emt 00:00:15]} Ra8 {[%clk
00:08:51]} {[%emt 00:00:46]} 23. Qc3 {[%clk 00:04:08]} {[%emt 00:00:40]} Nd5
{[%clk 00:08:02]} {[%emt 00:00:59]} 24. cxd5 {[%clk 00:03:30]} {[%emt
00:00:48]} Qxa5 {[%clk 00:08:09]} {[%emt 00:00:03]} 25. Qxa5 {[%clk 00:03:08]}
{[%emt 00:00:31]} Rxa5 {[%clk 00:08:13]} {[%emt 00:00:07]} 26. dxc6 {[%clk
00:03:16]} {[%emt 00:00:01]} bxc6 {[%clk 00:07:57]} {[%emt 00:00:27]} 27. Bxc6
{[%clk 00:03:22]} {[%emt 00:00:03]} Kf8 {[%clk 00:08:05]} {[%emt 00:00:02]} 28.
d5 {[%clk 00:03:01]} {[%emt 00:00:31]} Bd6 {[%clk 00:08:10]} {[%emt 00:00:05]}
29. Rd4 {[%clk 00:02:35]} {[%emt 00:00:36]} a3 {[%clk 00:06:48]} {[%emt
00:01:33]} 30. b4 {[%clk 00:02:13]} {[%emt 00:00:32]} Ra7 {[%clk 00:06:42]}
{[%emt 00:00:16]} 31. b5 {[%clk 00:01:53]} {[%emt 00:00:30]} Bc5 {[%clk
00:06:36]} {[%emt 00:00:16]} 32. Re4 {[%clk 00:02:01]} {[%emt 00:00:02]} Re7
{[%clk 00:06:43]} {[%emt 00:00:03]} 33. f3 {[%clk 00:01:32]} {[%emt 00:00:39]}
f5 {[%clk 00:06:21]} {[%emt 00:00:32]} 34. Rxe7 {[%clk 00:01:28]} {[%emt
00:00:14]} Kxe7 {[%clk 00:06:29]} {[%emt 00:00:01]} 35. Kc2 {[%clk 00:01:36]}
{[%emt 00:00:02]} fxg4 {[%clk 00:05:07]} {[%emt 00:01:32]} 36. hxg4 {[%clk
00:01:36]} {[%emt 00:00:10]} g5 {[%clk 00:05:15]} {[%emt 00:00:02]} 37. Kd3
{[%clk 00:01:42]} {[%emt 00:00:04]} Kd6 {[%clk 00:05:14]} {[%emt 00:00:11]} 38.
Ke4 {[%clk 00:01:43]} {[%emt 00:00:09]} g6 {[%clk 00:05:08]} {[%emt 00:00:17]}
39. Be8 {[%clk 00:01:32]} {[%emt 00:00:21]} Ke7 {[%clk 00:05:12]} {[%emt
00:00:07]} 40. Bc6 {[%clk 00:01:27]} {[%emt 00:00:12]} Kd6 {[%clk 00:05:20]}
{[%emt 00:00:04]} 41. f4 {[%clk 00:01:07]} {[%emt 00:00:29]} gxf4 {[%clk
00:05:02]} {[%emt 00:00:28]} 42. Kxf4 {[%clk 00:01:16]} {[%emt 00:00:01]} f6
{[%clk 00:05:01]} {[%emt 00:00:12]} 43. Ke4 {[%clk 00:01:16]} {[%emt 00:00:09]}
Bb6 {[%clk 00:05:00]} {[%emt 00:00:12]} 44. Be8 {[%clk 00:01:22]} {[%emt
00:00:04]} f5+ {[%clk 00:05:01]} {[%emt 00:00:09]} 45. gxf5 {[%clk 00:00:59]}
{[%emt 00:00:30]} gxf5+ {[%clk 00:05:10]} 1/2-1/2

[Event "British Rapidplay Championship 2023"]
[Site "Mercure Bradford, Bankfield Hotel"]
[Date "2023.04.15"]
[Round "3.23"]
[White "Wainwright, Charlie"]
[Black "Winter, Kevin"]
[Result "0-1"]
[TimeControl "All moves in 15 minutes plus 10 second increment per move from move 1"]
[WhiteElo "1329"]
[BlackElo "1713"]

1. d4 {[%clk 00:15:15]} {[%emt 00:00:04]} d6 {[%clk 00:15:17]} {[%emt
00:00:04]} 2. e4 {[%clk 00:15:09]} {[%emt 00:00:16]} Nf6 {[%clk 00:15:25]}
{[%emt 00:00:02]} 3. Bd3 {[%clk 00:14:54]} {[%emt 00:00:25]} Nbd7 {[%clk
00:15:30]} {[%emt 00:00:04]} 4. c4 {[%clk 00:14:40]} {[%emt 00:00:24]} e5
{[%clk 00:15:31]} {[%emt 00:00:08]} 5. d5 {[%clk 00:14:34]} {[%emt 00:00:16]}
Nc5 {[%clk 00:15:26]} {[%emt 00:00:15]} 6. Nc3 {[%clk 00:14:08]} {[%emt
00:00:36]} a5 {[%clk 00:15:29]} {[%emt 00:00:07]} 7. f4 {[%clk 00:13:53]}
{[%emt 00:00:25]} Bg4 {[%clk 00:14:55]} {[%emt 00:00:44]} 8. Nf3 {[%clk
00:13:20]} {[%emt 00:00:43]} Be7 {[%clk 00:14:06]} {[%emt 00:00:59]} 9. O-O
{[%clk 00:12:47]} {[%emt 00:00:43]} O-O {[%clk 00:14:12]} {[%emt 00:00:05]} 10.
Be3 {[%clk 00:12:47]} {[%emt 00:00:09]} Nxd3 {[%clk 00:13:32]} {[%emt
00:00:51]} 11. Qxd3 {[%clk 00:12:51]} {[%emt 00:00:06]} exf4 {[%clk 00:13:13]}
{[%emt 00:00:29]} 12. Bxf4 {[%clk 00:12:36]} {[%emt 00:00:25]} Nd7 {[%clk
00:13:14]} {[%emt 00:00:09]} 13. Be3 {[%clk 00:12:03]} {[%emt 00:00:44]} Bxf3
{[%clk 00:13:17]} {[%emt 00:00:06]} 14. Rxf3 {[%clk 00:12:09]} {[%emt
00:00:04]} Ne5 {[%clk 00:13:24]} {[%emt 00:00:03]} 15. Qe2 {[%clk 00:11:49]}
{[%emt 00:00:30]} Nxf3+ {[%clk 00:13:31]} {[%emt 00:00:03]} 16. Qxf3 {[%clk
00:11:57]} {[%emt 00:00:02]} Bf6 {[%clk 00:13:27]} {[%emt 00:00:15]} 17. Bd2
{[%clk 00:11:33]} {[%emt 00:00:34]} Qe7 {[%clk 00:12:22]} {[%emt 00:01:14]} 18.
Qg4 {[%clk 00:10:54]} {[%emt 00:00:49]} g6 {[%clk 00:11:55]} {[%emt 00:00:37]}
19. Rf1 {[%clk 00:10:40]} {[%emt 00:00:24]} Bd4+ {[%clk 00:11:54]} {[%emt
00:00:11]} 20. Kh1 {[%clk 00:10:33]} {[%emt 00:00:17]} Bg7 {[%clk 00:12:02]}
{[%emt 00:00:02]} 21. Bg5 {[%clk 00:10:05]} {[%emt 00:00:38]} f6 {[%clk
00:11:23]} {[%emt 00:00:49]} 22. Bd2 {[%clk 00:09:21]} {[%emt 00:00:52]} b6
{[%clk 00:10:49]} {[%emt 00:00:47]} 23. Nb5 {[%clk 00:09:17]} {[%emt 00:00:13]}
Rae8 {[%clk 00:10:39]} {[%emt 00:00:20]} 24. Nc3 {[%clk 00:08:59]} {[%emt
00:00:29]} Rd8 {[%clk 00:10:07]} {[%emt 00:00:42]} 25. a4 {[%clk 00:08:38]}
{[%emt 00:00:31]} Qd7 {[%clk 00:10:03]} {[%emt 00:00:13]} 26. Qh4 {[%clk
00:07:56]} {[%emt 00:00:51]} Rde8 {[%clk 00:09:54]} {[%emt 00:00:20]} 27. Bh6
{[%clk 00:07:38]} {[%emt 00:00:28]} g5 {[%clk 00:08:33]} {[%emt 00:01:31]} 28.
Qh5 {[%clk 00:07:33]} {[%emt 00:00:14]} Qf7 {[%clk 00:08:02]} {[%emt 00:00:42]}
29. Qxf7+ {[%clk 00:07:11]} {[%emt 00:00:32]} Rxf7 {[%clk 00:08:09]} {[%emt
00:00:03]} 30. Bxg7 {[%clk 00:07:17]} {[%emt 00:00:03]} Kxg7 {[%clk 00:08:05]}
{[%emt 00:00:15]} 31. h3 {[%clk 00:07:14]} {[%emt 00:00:13]} Re5 {[%clk
00:08:05]} {[%emt 00:00:09]} 32. g4 {[%clk 00:07:17]} {[%emt 00:00:08]} Rfe7
{[%clk 00:07:53]} {[%emt 00:00:23]} 33. Kg2 {[%clk 00:07:05]} {[%emt 00:00:21]}
Rxe4 {[%clk 00:07:50]} {[%emt 00:00:13]} 34. Nxe4 {[%clk 00:07:12]} {[%emt
00:00:03]} Rxe4 {[%clk 00:08:00]} {[%emt 00:00:02]} 35. b3 {[%clk 00:07:01]}
{[%emt 00:00:21]} Re3 {[%clk 00:07:52]} {[%emt 00:00:17]} 36. Rf3 {[%clk
00:07:08]} {[%emt 00:00:03]} Re2+ {[%clk 00:07:52]} {[%emt 00:00:09]} 37. Kg3
{[%clk 00:07:08]} {[%emt 00:00:09]} Kf7 {[%clk 00:07:36]} {[%emt 00:00:28]} 38.
Rf2 {[%clk 00:07:14]} {[%emt 00:00:04]} Re4 {[%clk 00:07:38]} {[%emt 00:00:07]}
39. Kg2 {[%clk 00:06:53]} {[%emt 00:00:31]} Kg6 {[%clk 00:07:41]} {[%emt
00:00:07]} 40. Rf3 {[%clk 00:06:47]} {[%emt 00:00:16]} h6 {[%clk 00:07:28]}
{[%emt 00:00:24]} 41. Kg3 {[%clk 00:06:50]} {[%emt 00:00:06]} Re1 {[%clk
00:07:12]} {[%emt 00:00:26]} 42. Kf2 {[%clk 00:06:29]} {[%emt 00:00:30]} Re5
{[%clk 00:07:12]} {[%emt 00:00:12]} 43. Re3 {[%clk 00:06:17]} {[%emt 00:00:22]}
f5 {[%clk 00:06:57]} {[%emt 00:00:24]} 44. gxf5+ {[%clk 00:05:50]} {[%emt
00:00:37]} Rxf5+ {[%clk 00:06:57]} {[%emt 00:00:10]} 45. Rf3 {[%clk 00:05:57]}
{[%emt 00:00:03]} Rxf3+ {[%clk 00:06:51]} {[%emt 00:00:17]} 46. Kxf3 {[%clk
00:06:04]} {[%emt 00:00:02]} Kf5 {[%clk 00:06:59]} {[%emt 00:00:02]} 47. Kg3
{[%clk 00:05:43]} {[%emt 00:00:32]} h5 {[%clk 00:06:59]} {[%emt 00:00:10]} 48.
Kf3 {[%clk 00:05:26]} {[%emt 00:00:26]} Ke5 {[%clk 00:06:41]} {[%emt 00:00:28]}
49. Ke3 {[%clk 00:05:13]} {[%emt 00:00:23]} g4 {[%clk 00:06:45]} {[%emt
00:00:06]} 50. h4 {[%clk 00:05:01]} {[%emt 00:00:22]} Kf5 {[%clk 00:06:41]}
{[%emt 00:00:14]} 51. Kf2 {[%clk 00:05:00]} {[%emt 00:00:11]} Kf4 {[%clk
00:06:45]} {[%emt 00:00:07]} 52. Kg2 {[%clk 00:05:04]} {[%emt 00:00:05]} Ke4
{[%clk 00:06:35]} {[%emt 00:00:21]} 53. Kg3 {[%clk 00:05:10]} {[%emt 00:00:04]}
Ke3 {[%clk 00:06:35]} {[%emt 00:00:10]} 54. Kg2 {[%clk 00:04:51]} {[%emt
00:00:29]} Kf4 {[%clk 00:06:34]} {[%emt 00:00:10]} 55. Kf2 {[%clk 00:04:57]}
{[%emt 00:00:04]} g3+ {[%clk 00:06:27]} {[%emt 00:00:17]} 56. Kg2 {[%clk
00:05:04]} {[%emt 00:00:03]} Kg4 {[%clk 00:06:33]} {[%emt 00:00:04]} 57. Kg1
{[%clk 00:04:59]} {[%emt 00:00:15]} Kxh4 {[%clk 00:06:41]} {[%emt 00:00:03]} 58.
Kg2 {[%clk 00:05:07]} {[%emt 00:00:02]} Kg4 {[%clk 00:06:50]} 59. Kf1 {[%clk
00:05:14]} {[%emt 00:00:02]} Kf3 {[%clk 00:06:44]} {[%emt 00:00:16]} 60. Kg1
{[%clk 00:05:22]} {[%emt 00:00:02]} g2 {[%clk 00:06:49]} {[%emt 00:00:05]} 0-1

[Event "British Rapidplay Championship 2023"]
[Site "Mercure Bradford, Bankfield Hotel"]
[Date "2023.04.15"]
[Round "3.25"]
[White "Manavalan, Keerthi Kumar"]
[Black "Graff, Ben"]
[Result "1/2-1/2"]
[TimeControl "All moves in 15 minutes plus 10 second increment per move from move 1"]
[WhiteElo "1419"]
[BlackElo "1658"]

1. e4 {[%clk 00:15:18]} {[%emt 00:00:02]} e6 {[%clk 00:15:20]} {[%emt
00:00:01]} 2. d4 {[%clk 00:15:22]} {[%emt 00:00:06]} d5 {[%clk 00:15:28]}
{[%emt 00:00:01]} 3. exd5 {[%clk 00:15:29]} {[%emt 00:00:03]} exd5 {[%clk
00:15:37]} {[%emt 00:00:01]} 4. Nf3 {[%clk 00:15:36]} {[%emt 00:00:03]} Bd6
{[%clk 00:15:28]} {[%emt 00:00:19]} 5. h3 {[%clk 00:14:55]} {[%emt 00:00:51]}
Ne7 {[%clk 00:15:28]} {[%emt 00:00:10]} 6. Bd3 {[%clk 00:14:36]} {[%emt
00:00:28]} Bf5 {[%clk 00:15:27]} {[%emt 00:00:11]} 7. Bg5 {[%clk 00:13:44]}
{[%emt 00:01:02]} Bxd3 {[%clk 00:15:03]} {[%emt 00:00:35]} 8. Qxd3 {[%clk
00:13:36]} {[%emt 00:00:18]} c6 {[%clk 00:15:05]} {[%emt 00:00:08]} 9. O-O
{[%clk 00:12:34]} {[%emt 00:01:12]} O-O {[%clk 00:14:52]} {[%emt 00:00:23]} 10.
Nbd2 {[%clk 00:11:32]} {[%emt 00:01:12]} Nd7 {[%clk 00:14:45]} {[%emt
00:00:17]} 11. Rfe1 {[%clk 00:10:56]} {[%emt 00:00:46]} Re8 {[%clk 00:14:41]}
{[%emt 00:00:15]} 12. Re2 {[%clk 00:10:21]} {[%emt 00:00:45]} f6 {[%clk
00:14:33]} {[%emt 00:00:18]} 13. Bh4 {[%clk 00:10:03]} {[%emt 00:00:27]} Ng6
{[%clk 00:14:23]} {[%emt 00:00:19]} 14. Bg3 {[%clk 00:09:35]} {[%emt 00:00:39]}
Qc7 {[%clk 00:13:58]} {[%emt 00:00:34]} 15. Bxd6 {[%clk 00:08:19]} {[%emt
00:01:26]} Qxd6 {[%clk 00:14:03]} {[%emt 00:00:05]} 16. Rae1 {[%clk 00:07:33]}
{[%emt 00:00:57]} Rxe2 {[%clk 00:13:31]} {[%emt 00:00:42]} 17. Qxe2 {[%clk
00:07:25]} {[%emt 00:00:18]} Kf7 {[%clk 00:12:42]} {[%emt 00:00:58]} 18. Nb3
{[%clk 00:07:07]} {[%emt 00:00:29]} Nf4 {[%clk 00:11:35]} {[%emt 00:01:16]} 19.
Qe3 {[%clk 00:06:48]} {[%emt 00:00:30]} b6 {[%clk 00:11:03]} {[%emt 00:00:42]}
20. c3 {[%clk 00:05:32]} {[%emt 00:01:26]} Ne6 {[%clk 00:10:57]} {[%emt
00:00:15]} 21. Qd3 {[%clk 00:04:22]} {[%emt 00:01:19]} Re8 {[%clk 00:10:43]}
{[%emt 00:00:26]} 22. Qxh7 {[%clk 00:04:02]} {[%emt 00:00:29]} Qf4 {[%clk
00:10:06]} {[%emt 00:00:47]} 23. Qh5+ {[%clk 00:03:29]} {[%emt 00:00:43]} Kf8
{[%clk 00:09:42]} {[%emt 00:00:31]} 24. Qh8+ {[%clk 00:03:20]} {[%emt
00:00:23]} Kf7 {[%clk 00:09:33]} {[%emt 00:00:19]} 25. Qh5+ {[%clk 00:03:05]}
{[%emt 00:00:24]} Kf8 {[%clk 00:09:22]} {[%emt 00:00:21]} 26. Qh8+ {[%clk
00:03:03]} {[%emt 00:00:12]} Kf7 {[%clk 00:09:04]} {[%emt 00:00:28]} 27. Qh5+
{[%clk 00:03:09]} {[%emt 00:00:03]} 1/2-1/2